000 00295nam a2200121 i 4500
001 bg
245 0 _aTrzecia Konferencja Naukowa Instytutu Inżynierii Lądowej.
260 _aCzęstochowa,
_c1983.
040 _cBPK
041 _apol
942 _cKS
008 s pl f |000 0 pol
999 _c22141
_d22141
856 _uhttp://koha.tu.koszalin.pl/cgi-bin/koha/opac-detail.pl?biblionumber=22141
_yKatalog online BPK